000 00869cab a2200277 4500
001 WB3325-05
008 090401t1997 xxu||||| |||| 00| 0 eng d
035 _a(Sirsi) u79256
041 _aeng
245 _aShare hit by ruling
260 _c1997
350 _a0
490 _aFinancial Times
_v26 June 1997, 34(1)
520 _aShares in the US engineering company, T%N fell following a Supreme Court ruling which could increase the company`s payments to victims of asbestos-related diseases.
650 _aMANAGEMENT-HEALTH AND SAFETY-HAZARDOUS SUBSTANCES-ASBESTOS
650 _aASBESTOS-INDUCED DISEASES
650 _aASBESTOSIS
650 _aHEALTH HAZARDS
650 _aLIABILITY
650 _aSUPREME COURT
650 _aT&N
650 _aUNITED STATES
690 _aBUILT ENVIRONMENT-BUILDING PATHOLOGY
942 _n0
948 _c26/06/1997
999 _c49827
_d49827